Tazkira-I-Sufia-I-Punjab (Record no. 1533)

MARC details
000 -LEADER
fixed length control field 00585nam a2200241 a 4500
020 ## - INTERNATIONAL STANDARD BOOK NUMBER
ISBN
082 00 - DEWEY DECIMAL CLASSIFICATION NUMBER
Classification number 297.409
Author Cutter QUD
100 ## - MAIN ENTRY--AUTHOR NAME
Author name Quddusi, A H
245 ## - TITLE STATEMENT
Title Tazkira-I-Sufia-I-Punjab
260 ## - PUBLICATION, DISTRIBUTION, ETC. (IMPRINT)
Place of publication Hyderabad
Name of publisher Salman Book Centre
Year of publication 1962
300 ## - PHYSICAL DESCRIPTION
Number of Pages 709p
500 ## - GENERAL NOTE
General note includes index and biblioraphy
505 2# - FORMATTED CONTENTS NOTE
Formatted contents note Index Nominvm
650 ## - SUBJECT ADDED ENTRY--TOPICAL TERM
Topical Term Sufism-Hagiogrphy-Punjab
942 ## - ADDED ENTRY ELEMENTS (KOHA)
Koha item type Books
700 1# -
-- Quddusi, A H
Holdings
Collection code Home library Current library Date acquired Cost, normal purchase price Full call number Accession Number Koha item type
  Henry Martyn Institute Library Henry Martyn Institute Library 11/28/2008 15.00 297.409 QUD 02174 Books
                   Copyright © 2026 | Henry Martyn Institute | Hyderabad | TS-500052 | INDIA | Implemented by hmi.edu.in
Hit-Count:

Powered by Koha